[Event "Brasilia op"]
[Site "Brasilia"]
[Date "2025.01.10"]
[Round "6"]
[White "Pontes, Luiz Felizola Lima"]
[Black "Macedo, Thiago De Lima"]
[Result "1-0"]
[WhiteElo "2028"]
[BlackElo "1824"]
[PlyCount "54"]
[EventDate "2025.01.07"]
[EventType "swiss"]
[EventRounds "9"]
[EventCountry "BRA"]
[SourceTitle "CB12_2025"]
[SourceDate "2025.03.19"]
[SourceVersion "1"]
[SourceVersionDate "2025.03.19"]
[SourceQuality "1"]

1. e4 c5 2. Nf3 d6 3. d4 cxd4 4. Nxd4 Nf6 5. f3 a6 6. c4 e6 7. Nc3 Be7 8. Be2 0-0 9. 0-0 Qc7 10. Be3 Nbd7 11. Qd2 b6 12. Rac1 Bb7 13. a3 Rac8 14. b4 Ne5 15. Na4 Nfd7 16. Rfd1 Rfd8 17. Nb3 Kh8 18. Bf1 Bc6 19. b5 Bb7 20. bxa6 Bxa6 21. c5 Bxf1 22. cxb6 Qb8 23. Rxf1 Nc5 24. Naxc5 dxc5 25. Qa5 Nd7 26. Nxc5 Qxb6 27. Qxb6 Nxb6 1-0